Thru the Bible with J. Vernon McGee / (Record no. 20911)

MARC details
000 -LEADER
fixed length control field 01568cam a2200409 a 4500
001 - CONTROL NUMBER
control field 3732462
003 - CONTROL NUMBER IDENTIFIER
control field OSt
005 - DATE AND TIME OF LATEST TRANSACTION
control field 20251204155301.0
008 - FIXED-LENGTH DATA ELEMENTS--GENERAL INFORMATION
fixed length control field 810415m19811998tnua b 001 0 eng
010 ## - LIBRARY OF CONGRESS CONTROL NUMBER
LC control number 81003930
Canceled/invalid LC control number 98045389
020 ## - INTERNATIONAL STANDARD BOOK NUMBER
International Standard Book Number 0840749732
Qualifying information v. 1
020 ## - INTERNATIONAL STANDARD BOOK NUMBER
International Standard Book Number 0840749783
Qualifying information Royal ed. : v. 1
020 ## - INTERNATIONAL STANDARD BOOK NUMBER
International Standard Book Number 9780840749734
Qualifying information (v. 1)
020 ## - INTERNATIONAL STANDARD BOOK NUMBER
International Standard Book Number 9780840749789
Qualifying information (Royal ed. : v. 1)
035 ## - SYSTEM CONTROL NUMBER
System control number 3732462
040 ## - CATALOGING SOURCE
Original cataloging agency DLC
Transcribing agency DLC
Modifying agency DLC
050 00 - LIBRARY OF CONGRESS CALL NUMBER
Classification number BS491.2
Item number .M37
082 00 - DEWEY DECIMAL CLASSIFICATION NUMBER
Classification number 220.7/7
Edition number 19
100 1# - MAIN ENTRY--PERSONAL NAME
Personal name McGee, J. Vernon
Fuller form of name (John Vernon),
Dates associated with a name 1904-1988.
245 10 - TITLE STATEMENT
Title Thru the Bible with J. Vernon McGee /
Statement of responsibility, etc. by J. Vernon McGee.
246 3# - VARYING FORM OF TITLE
Title proper/short title Through the Bible with J. Vernon McGee.
260 ## - PUBLICATION, DISTRIBUTION, ETC. (IMPRINT)
Place of publication, distribution, etc. Nashville :
Name of publisher, distributor, etc. T. Nelson,
Date of publication, distribution, etc. c1981-c1998.
300 ## - PHYSICAL DESCRIPTION
Extent 6 v. :
Other physical details ill. ;
Dimensions 26 cm.
336 ## - CONTENT TYPE
Content type term text
Content type code txt
Source rdacontent
337 ## - MEDIA TYPE
Media type term unmediated
Media type code n
Source rdamedia
338 ## - CARRIER TYPE
Carrier type term volume
Carrier type code nc
Source rdacarrier
500 ## - GENERAL NOTE
General note Based on the Thru the Bible radio program.
504 ## - BIBLIOGRAPHY, ETC. NOTE
Bibliography, etc Includes bibliographies.
505 0# - FORMATTED CONTENTS NOTE
Formatted contents note v. 1. Genesis--Deuteronomy -- v. 2. Joshua--Psalms -- v. 3. Proverbs--Malachi -- v. 4. Matthew--Romans -- v. 5. 1 Corinthians--Revelation. -- v. 6. Complete index.
630 00 - SUBJECT ADDED ENTRY--UNIFORM TITLE
Uniform title Bible
General subdivision Commentaries.
730 0# - ADDED ENTRY--UNIFORM TITLE
Uniform title Thru the Bible (Radio program)
730 02 - ADDED ENTRY--UNIFORM TITLE
Uniform title Bible.
Language of a work English.
Version Authorized.
Date of a work 1981.
856 42 - ELECTRONIC LOCATION AND ACCESS
Materials specified Publisher description
Uniform Resource Identifier <a href="http://www.loc.gov/catdir/enhancements/fy0609/81003930-d.html">http://www.loc.gov/catdir/enhancements/fy0609/81003930-d.html</a>
906 ## - LOCAL DATA ELEMENT F, LDF (RLIN)
a 7
b cbc
c orignew
d 1
e ocip
f 19
g y-gencatlg
942 ## - ADDED ENTRY ELEMENTS (KOHA)
Source of classification or shelving scheme Library of Congress Classification
Koha item type General Collection
Holdings
Withdrawn status Lost status Source of classification or shelving scheme Not for loan Home library Current library Shelving location Date acquired Source of acquisition Inventory number Total Checkouts Full call number Barcode Date last seen Copy number Price effective from Koha item type
    Library of Congress Classification   Kabarak, Main Campus Kabarak, Main Campus General Stacks 04/12/2025 Donation 2025/2487   BS491.2 .M37 1981 C.1 39866 04/12/2025 C.1 04/12/2025 General Collection
    Library of Congress Classification   Kabarak, Main Campus Kabarak, Main Campus General Stacks 04/12/2025 Donation 2025/2487   BS491.2 .M37 1982 C.1 38476 10/03/2026 C.1 04/12/2025 General Collection
Designed with assistance from East African Informatics Ltd